000 00661nam a2200205Ia 4500
001 15404
003 GE_BSU
008 181216s||||||||xx |||||||||||||| ||und||
040 _cGE_BSU
080 _a82-93:821.353.1-32
100 _aქორქია,როდიონ
245 _aყველგან შინა ვართ
245 _cრედ.მ.ზუბადალაშვილი მხატვ.ვ.ჟორჟოლიანი
260 _aთბილისი
260 _bნაკადული
260 _c1966
300 _a188გვ.20სმ.
653 _aყველგან შინა ვართ
942 _cBK
999 _c48507
_d48507